[Event "5th Tilburg Interpolis it"]
[Site "Tilburg NED"]
[Date "1981.10.??"]
[Round "1"]
[White "Ljubojevic, Ljubomir"]
[Black "Larsen, Bent"]
[Result "1-0"]
[WhiteElo "2590"]
[BlackElo "2610"]
[EventDate "1981.??.??"]
[PlyCount "119"]

1. e4 c6 2. d3 g6 3. d4 Bg7 4. c3 Nf6 5. Nd2 d6 6. Ngf3 O-O 7. Be2 Nbd7 8. O-O
e5 9. dxe5 Nxe5 10. Nxe5 dxe5 11. Qc2 Qe7 12. a4 Rd8 13. Nc4 Ne8 14. Be3 b6 15.
a5 b5 16. Nd2 Nc7 17. Nb3 Ne6 18. Rfd1 Bd7 19. Bg4 Bf8 20. Bxe6 Bxe6 21. Nc5
Bc8 22. b4 Rxd1+ 23. Rxd1 Be6 24. Qd3 a6 25. h3 Qe8 26. Nd7 Be7 27. Nxe5 Rd8
28. Qc2 Rxd1+ 29. Qxd1 f6 30. Nf3 Qc8 31. Qd4 h5 32. e5 Qd8 33. Qe4 Kg7 34.
exf6+ Bxf6 35. Qxc6 Qc8 36. Qd6 Qxc3 37. Bc5 g5 38. Qf8+ Kg6 39. Qe8+ Bf7 40.
Qe4+ Kg7 41. Be3 Qc4 42. Nxg5 Bxg5 43. Qxc4 bxc4 44. Bxg5 c3 45. Be3 Kf8 46. g4
Bd5 47. Kh2 h4 48. f4 Ke7 49. Kg1 Kd6 50. Kf2 Bc4 51. Bd4 c2 52. Bb2 Kd5 53. f5
Bb5 54. Ke3 Bf1 55. Kf4 Bxh3 56. Kg5 Bf1 57. Kxh4 Kd6 58. Kg5 Ke7 59. Kg6 Kf8
60. Kf6 1-0

[Event "5th Tilburg Interpolis it"]
[Site "Tilburg NED"]
[Date "1981.10.??"]
[Round "4"]
[White "Petrosian, Tigran"]
[Black "Miles, Anthony John"]
[Result "1-0"]
[WhiteElo "2585"]
[BlackElo "2565"]
[EventDate "1981.??.??"]
[PlyCount "130"]

1. d4 Nf6 2. c4 e6 3. Nc3 Bb4 4. e3 c5 5. Bd3 Nc6 6. Nge2 cxd4 7. exd4 d5 8.
O-O dxc4 9. Bxc4 O-O 10. a3 Be7 11. Qd3 b6 12. Rd1 Bb7 13. Qh3 Re8 14. Ba2 Nb8
15. Nf4 Bd6 16. d5 e5 17. Nh5 Nxh5 18. Qxh5 Nd7 19. Bg5 f6 20. Be3 Qe7 21. Rac1
Kh8 22. Nb5 Nf8 23. h3 Rec8 24. Qg4 Qd8 25. h4 a6 26. Nxd6 Qxd6 27. h5 h6 28.
Bb1 Rxc1 29. Bxc1 Rd8 30. Be3 Bc8 31. Qf3 Bd7 32. Qe2 Bb5 33. Qg4 Be8 34. f3
Bf7 35. Be4 Be6 36. Qh4 Bg8 37. Qf2 Nd7 38. Rc1 b5 39. Rc6 Qf8 40. g4 Nb8 41.
Rc5 Nd7 42. Rc7 b4 43. a4 Bxd5 44. Bxd5 Qd6 45. Rxd7 Qxd7 46. Be4 Qxa4 47. Kg2
Qd1 48. Bc2 Qd5 49. Qe2 b3 50. Be4 Qe6 51. Kg3 Qc8 52. Qf1 Rd6 53. Qa1 Qc4 54.
Qa3 Rd1 55. Qe7 a5 56. Qe8+ Qg8 57. Qb5 Ra1 58. Bd5 Qd8 59. Bxb3 Re1 60. Kf2
Rh1 61. Kg2 Re1 62. Bf2 Rb1 63. Bc2 Ra1 64. Qc4 Qg8 65. Qd3 a4 1-0

[Event "5th Tilburg Interpolis it"]
[Site "Tilburg NED"]
[Date "1981.10.??"]
[Round "5"]
[White "Kasparov, Garry"]
[Black "Spassky, Boris"]
[Result "0-1"]
[WhiteElo "2630"]
[BlackElo "2630"]
[EventDate "1981.??.??"]
[PlyCount "132"]

1. d4 Nf6 2. c4 c5 3. d5 g6 4. Nc3 d6 5. e4 Bg7 6. Be2 O-O 7. Bg5 b5 8. cxb5 a6
9. a4 Qa5 10. Bd2 Nbd7 11. Ra3 Bb7 12. Nf3 axb5 13. Bxb5 Qc7 14. O-O Ng4 15.
Bg5 Ngf6 16. Nd2 e6 17. Nc4 exd5 18. exd5 Rad8 19. a5 h6 20. Bh4 Ne5 21. a6 Ba8
22. Re1 g5 23. Bg3 Nfd7 24. a7 f5 25. Bxe5 Nxe5 26. Nxe5 dxe5 27. Ra6 e4 28.
Bc4 Qf7 29. Nb5 Kh7 30. Re6 Qb7 31. Qh5 Rf6 32. Rxf6 Bxf6 33. g4 f4 34. h4 Kg7
35. Nc3 e3 36. Bd3 exf2+ 37. Kxf2 Qxb2+ 38. Re2 Qxc3 39. Qg6+ Kf8 40. Qxh6+ Bg7
41. Qxg5 Qf6 42. Qxf6+ Bxf6 43. Bc4 Bxh4+ 44. Kf3 Rd7 45. Ra2 Bg5 46. Ke4 Rf7
47. Ra5 Kg7 48. Rxc5 Kf6 49. Rc8 Rxa7 50. Rf8+ Kg7 51. Rc8 Kf6 52. Rf8+ Kg7 53.
Rc8 Bb7 54. Rc7+ Kf6 55. Kd4 Bh4 56. d6 Bf2+ 57. Kc3 Be4 58. Re7 Rxe7 59. g5+
Kg6 60. dxe7 Bc6 61. Kb4 Bb6 62. Bb3 Bd7 63. Bd5 Be8 64. Bc4 f3 65. Bd3+ Kxg5
66. Bb5 f2 0-1

[Event "5th Tilburg Interpolis it"]
[Site "Tilburg NED"]
[Date "1981.10.??"]
[Round "7"]
[White "Larsen, Bent"]
[Black "Timman, Jan"]
[Result "0-1"]
[WhiteElo "2610"]
[BlackElo "2630"]
[EventDate "1981.??.??"]
[PlyCount "126"]

1. e4 c5 2. Nf3 e6 3. d4 cxd4 4. Nxd4 Nf6 5. Nc3 d6 6. Be2 Be7 7. O-O O-O 8. f4
Nc6 9. Kh1 Nxd4 10. Qxd4 Bd7 11. e5 Ne8 12. Be3 Bc6 13. Rad1 Qa5 14. a3 dxe5
15. fxe5 Rd8 16. Qf4 f5 17. Rxd8 Bxd8 18. b4 Qc7 19. Qc4 Bd7 20. Rd1 Rf7 21.
Qd4 Qb8 22. Qxa7 Qxe5 23. Bd4 Qc7 24. a4 Be7 25. b5 Bb4 26. Rd3 Nf6 27. Bf3 Ne4
28. b6 Qc8 29. Na2 Bc5 30. c3 e5 31. Bxc5 Qxc5 32. Bxe4 fxe4 33. Rd1 Qc4 34. h3
Qxa2 35. Qa8+ Rf8 36. Qxb7 Bxa4 37. Re1 Qc4 38. Rxe4 Qb5 39. c4 Qc5 40. Qd5+
Qxd5 41. cxd5 Bb5 42. Rxe5 Rb8 43. Re6 Kf7 44. Kh2 Bd7 45. Re2 Rxb6 46. Kg3 Kf6
47. Kh2 Rd6 48. Rf2+ Kg6 49. Rd2 Be6 50. Kg3 Rxd5 51. Rc2 Kf6 52. Rf2+ Rf5 53.
Rb2 Ra5 54. Rf2+ Ke5 55. Re2+ Kd6 56. Re3 Ra2 57. Kh2 Bd5 58. Rg3 g6 59. Rg5
Be4 60. Kg1 h6 61. Rg3 Ke5 62. Kh2 Kf5 63. Kg1 h5 0-1

[Event "5th Tilburg Interpolis it"]
[Site "Tilburg NED"]
[Date "1981.10.??"]
[Round "8"]
[White "Timman, Jan"]
[Black "Miles, Anthony John"]
[Result "1-0"]
[WhiteElo "2630"]
[BlackElo "2565"]
[EventDate "1981.??.??"]
[PlyCount "115"]

1. e4 Nc6 2. Nf3 d6 3. d4 Nf6 4. Nc3 Bg4 5. d5 Ne5 6. Bb5+ c6 7. dxc6 Nxc6 8.
e5 dxe5 9. Qxd8+ Rxd8 10. Bxc6+ bxc6 11. Nxe5 Bd7 12. Be3 Nd5 13. Bxa7 Nxc3 14.
bxc3 Be6 15. a4 f6 16. Nxc6 Ra8 17. Nd4 Bc4 18. Bb6 e5 19. Nf5 Kd7 20. a5 Kc6
21. Ne3 Ba6 22. Kd2 g6 23. c4 Bb4+ 24. c3 Bd6 25. Kc2 f5 26. Kb3 Rhc8 27. Rhd1
Rab8 28. Rd2 f4 29. Nc2 Kd7 30. c5 Rxc5 31. Nb4 Bc4+ 32. Kc2 Rc6 33. Rad1 Rbxb6
34. axb6 Rxb6 35. Re1 Rb5 36. Ra1 Rb7 37. Ra8 Ke6 38. Nc6 Bb3+ 39. Kc1 Rb6 40.
Rb2 Bc5 41. Nb4 Bc4 42. Rc8 Rb5 43. Na6 Ba3 44. Nc7+ Kd6 45. Nxb5+ Bxb5 46. Kc2
Ba4+ 47. Kb1 Bxb2 48. Kxb2 e4 49. c4 e3 50. fxe3 fxe3 51. Kc3 Bc6 52. g3 Bf3
53. Re8 e2 54. Kd3 Kc5 55. Re5+ Kb4 56. Rb5+ Ka4 57. Kd2 g5 58. Rxg5 1-0